[Event "Dortmunder Schachtage-A 18th"]
[Site "Dortmund"]
[Date "1990.04.05"]
[Round "1"]
[White "Polgar, Zsuzsa"]
[Black "Boensch, Uwe"]
[Result "1-0"]
[WhiteElo "2500"]
[BlackElo "2530"]
[Annotator "Polgar,Zsu"]
[PlyCount "57"]
[EventDate "1990.04.05"]
[EventType "tourn"]
[EventRounds "11"]
[EventCountry "GER"]
[EventCategory "13"]
[SourceTitle "CBM 018"]
[Source "ChessBase"]
[SourceDate "1990.10.01"]
[SourceVersion "1"]
[SourceVersionDate "1990.10.01"]
[SourceQuality "1"]

1. d4 Nf6 2. c4 e6 3. Nc3 d5 4. cxd5 exd5 5. Bg5 c6 6. e3 Be7 7. Qc2 Bg4 $6 {
I guess my opponent wanted to surprise me with this dubious line.} 8. Nge2 {
According to the ECO the best.8.Nf3 and 8.h3 were played here also,but 8.Bd3
is the most common.} (8. h3 Bh5 9. f4 h6 10. Bxf6 Bxf6 11. g4 Bg6 12. f5 Bh4+
13. Kd2 Bh7 14. Nf3 O-O 15. Bd3 Re8 16. Raf1 Nd7 17. Qd1 b5 18. Nxh4 Qxh4 19.
Rf4 Qd8 20. h4 f6 21. Qg1 {Wladimirov-Rubel,SSSR 1962}) (8. Bd3 Bh5 (8... Nbd7
9. h3 Be6 (9... Bh5 $2 10. f4 h6 $4 11. Bxf6 Bxf6 12. g4 Bg6 13. Bxg6 fxg6 14.
Qxg6+ $18 {Toth-Beyen,Nizza 1974}) 10. Nge2 (10. Bf4 Rc8 11. Nf3 c5 12. O-O c4
13. Bf5 Qb6 14. Ne5 Bxf5 15. Qxf5 Qe6 16. Qc2 O-O 17. Rad1 a6 18. Rfe1 Bb4 19.
f3 Bd6 20. Nxd7 Nxd7 21. Bxd6 Qxd6 22. e4 $16 {Furman-Karelov,SSSR 1960}) 10...
h6 11. Bh4 Nh5 12. Bxe7 Qxe7 13. O-O-O Nb6 14. Kb1 O-O-O {Vaganjan-Short,
Skelleftea World Cup 1989}) 9. Nge2 Bg6 10. Ng3 (10. Nf4 Bxd3 11. Nxd3 Nbd7 12.
O-O O-O 13. b4 Ne4 (13... Bd6 14. h3 h6 15. Bf4 Bxf4 16. Nxf4 Nb6 {=
Knaak-Negulescu,Erevan 1988}) 14. Bxe7 Qxe7 15. b5 Rac8 16. Qb2 Nxc3 17. Qxc3
c5 18. Qa3 {Portisch-Keller,Moscow 12th Chess Olimpiad 1956}) 10... Na6 (10...
Nh5 11. Bxe7 Qxe7 12. O-O-O Na6 13. a3 Bxd3 14. Qxd3 Nxg3 15. hxg3 h6 16. Qf5
Qe6 17. g4 O-O-O 18. Ne2 Qxf5 19. gxf5 {With clear advantage for white in
Hort-Prandstetter,Trencianske Teplice 1979 game see Inf.28/530.}) 11. Bf5 (11.
a3 Nc7 12. O-O Ne6 13. Bxf6 Bxf6 14. b4 Bxd3 15. Qxd3 O-O 16. Na4 {1/2
Zuger-Prandstetter,Prague 1989}) 11... Nh5 12. Bxe7 Qxe7 13. Nxh5 Bxh5 14. Qb3
Bg6 15. Bh3 Nb4 {Black is fine.Furman-Kan,Moscow 1955.}) (8. Nf3 Nbd7 (8... O-O
9. Bd3 h6 10. Bh4 Bxf3 11. gxf3 a5 12. O-O Na6 13. a3 Nc7 14. Kh1 Nfe8 15. Bg3
$1 Nd6 16. Rg1 {With a tremendeous attack.Knezevic-Tajmanov,Albena 1974 see
Inf.28/540.}) 9. Bd3 Bh5 10. Nh4 O-O 11. Nf5 Bg6 12. h3 Bxf5 13. Bxf5 Re8 14.
Bf4 Nf8 15. O-O-O Qa5 16. Kb1 Bb4 17. Rhf1 Ng6 18. Bg3 Bxc3 19. Qxc3 Qxc3 20.
bxc3 Ne4 21. Bxe4 Rxe4 {Petrosjan-Aronin,18th Soviet Championship.}) 8... Bxe2
(8... h6 9. Bh4 Bh5 10. Ng3 Bg6 11. Nf5 $16 {Botvinnik-Molcadskij,SSSR 1969}) (
8... Bh5 9. Nf4 Bg6 10. Nxg6 hxg6 11. Bd3 Nbd7 12. O-O-O Nf8 13. Qa4 $16 {
Lazarev-Korelov,SSSR 1960}) 9. Bxe2 Nbd7 {If 9...h6 or 9...Ne4 than 10.Bf4 in
both cases.} 10. O-O O-O {11.f3 would be too early becouse of 11...Nh5.} 11.
Bd3 Re8 12. f3 $1 {Similary to the 9.Nge2 main line Whites plan is Rae1,Kh1,
Bg5-h4-f2 and e3-e4} Nf8 {Defends the h7 pawn and now threatens with 13...Nh5.}
(12... h6 13. Bh4 Bd6 14. e4 dxe4 15. fxe4 $16 Ne5) (12... c5 13. dxc5 Nxc5 14.
Bb5 $16) 13. Bh4 a6 $6 {Tries to prepare c5 but it is too slow.} 14. Rad1 Ng6 (
14... c5 $2 15. Bxf6 Bxf6 16. dxc5 Rxe3 17. Nxd5 $1 $18) 15. Bf2 Bd6 (15... c5
$2 16. Bxg6 hxg6 17. dxc5 Bxc5 18. Nxd5 $18) 16. e4 {White would have had the
time to play 16.Kh1 as well and only after e4.} dxe4 17. fxe4 Ng4 18. e5 Bc7 (
18... Nxf2 $4 19. Qxf2 $18) 19. Bc4 $1 Re7 (19... Bb6 20. Bxf7+ Kxf7 21. Qb3+
Kf8 22. Bg3+ Nf6 23. exf6 $16) 20. Kh1 Nxf2+ {Otherwise I play Bg1 and after
h3 and the Knight is in trouble.} 21. Qxf2 Qd7 22. Ne4 Rf8 23. Qf3 Qe8 24. Qh5
{Threatening 25.Nf6! gf6 26.ef6 and Qh6 next or 25.Ng5 h6 26.Nf7 winning.} Kh8
25. Rd3 $1 {Bringing another piece to the attack.} h6 (25... f5 26. Rh3 h6 27.
Nf6 $1 Qc8 28. Qxh6+ $3 $18) (25... b5 26. Nf6 $1 gxf6 27. Rh3 $18) 26. Rdf3 {
THe Khight is traped! 26.Nf6 Qc8 27.Ng4Kh7 28Rh3 and 29.Nh6 is winning as well}
Nxe5 (26... b5 27. Qxg6 bxc4 28. Ng5 $1 $18) 27. dxe5 Rxe5 28. Rxf7 $1 Rxf7 (
28... Rg8 29. Qg6 Rxe4 30. Bd3 Qe5 31. g3 $18) 29. Qxf7 {1-0 /29...Qf7 30.Rf7
Re4 31.Rf8 Kh7 32.Bd3 +-.29...Re4 30.Qf8 Kh7 31.Bg8 Kh8 32.Bd5 Kh7 33Qf5+-/
Anotations by Zsuzsa Polgar} 1-0

[Event "FRA Cup 16eme"]
[Site "Paris"]
[Date "2006.04.16"]
[Round "?"]
[White "Bacrot, Etienne"]
[Black "Luce, Sebastien"]
[Result "1-0"]
[WhiteElo "2708"]
[BlackElo "2378"]
[Annotator "Primel,D"]
[PlyCount "57"]
[EventDate "2006.04.16"]
[EventType "team-tourn"]
[EventRounds "1"]
[EventCountry "FRA"]
[SourceTitle "EXT 2010"]
[Source "ChessBase"]
[SourceDate "2010.11.25"]
[SourceVersion "1"]
[SourceVersionDate "2010.11.25"]
[SourceQuality "1"]
[WhiteTeam "Nao"]
[BlackTeam "Chess XV"]
[WhiteTeamCountry "FRA"]
[BlackTeamCountry "FRA"]

1. d4 Nf6 2. c4 e6 3. Nc3 d5 4. cxd5 exd5 5. Bg5 c6 6. e3 Be7 7. Qc2 Nbd7 8.
Bd3 h6 {[%csl Rg6] Pose une question au B mais affaiblit la case "g6"} (8...
O-O {la grande ligne} 9. Nf3 (9. Nge2)) 9. Bh4 (9. Bf4 $143 Nh5 10. Nge2 (10.
Nxd5 $2 cxd5 11. Bc7 Bb4+ $1 {[%cal Gd8e7]}) 10... Nxf4 11. Nxf4) 9... b6 ({RR
} 9... Nf8 10. Nge2 Ne6 11. O-O O-O 12. Rab1 Ng5 13. b4 a6 14. f3 Ne6 15. Bf2
Nc7 16. h3 Nb5 17. Qb2 Nh5 18. a4 Nxc3 19. Nxc3 a5 20. b5 c5 21. Rbd1 cxd4 22.
exd4 Nf4 23. Ne2 Nxd3 24. Rxd3 {Psakhis,L (2555)-Smagin,S (2405)/Riga 1985/
URS-ch/1/2-1/2}) (9... O-O $142 {La ligne principale}) 10. Nf3 Bb7 11. O-O O-O
12. Rad1 $1 $14 {[%csl Rb7,Rd5]} (12. Rae1 Re8 13. h3 Ne4 $1 14. Bxe4 dxe4 15.
Qxe4 Bxh4 16. Qxh4 Qxh4 17. Nxh4 $11) 12... Re8 13. Bg3 {les pièces blanches
sont nettement plus actives} Nf8 (13... Nh5 14. Be5 $1 Nxe5 $6 {[%csl Rh5]} (
14... Nhf6 $142) 15. dxe5 Bc8 $2 (15... g6 16. e6 $1) 16. Nd4 {[%csl Rc6];
Miles,A (2570)-Afifi,A (2370) Tunis Interzonal 1985 (9) 1-0}) 14. h3 Bd6 15.
Ne5 Qc7 (15... Qe7) 16. f4 $1 a6 17. Bh4 N6d7 {Pour l'anecdote, une des deux
feuilles de parties mentionne  Nfd6 sans indiquer la case d'origine!} 18. Qf2 (
18. e4 $1) 18... b5 19. Ne2 c5 20. Ng3 c4 21. Bb1 f6 $2 22. Nf5 $1 fxe5 23. Qg3
$40 {[%cal Gf5g7,Gf5h6]} g6 (23... Ne6 24. fxe5) 24. fxe5 $18 Nxe5 {Rendre la
pièce ne suffit pas а donner du contre-jeu.} 25. dxe5 Bxe5 26. Nxh6+ Kh7 27.
Qg5 Qc6 28. Rf7+ Kh8 29. Rxf8+ {[%cal Gg5e5]} 1-0

[Event "FRA-ch 58 Championnat"]
[Site "Belfort"]
[Date "1983.08.21"]
[Round "9"]
[White "Goldenberg, Richard"]
[Black "Seret, Jean Luc"]
[Result "0-1"]
[WhiteElo "2325"]
[BlackElo "2375"]
[Annotator "Primel,D"]
[PlyCount "113"]
[EventDate "1983.08.12"]
[EventType "tourn"]
[EventRounds "15"]
[EventCountry "FRA"]
[EventCategory "2"]
[SourceTitle "EXT 2016"]
[Source "ChessBase"]
[SourceDate "2015.10.08"]
[SourceVersion "1"]
[SourceVersionDate "2015.10.08"]
[SourceQuality "1"]
[TimeControl "40/9000:16/5400:0"]

1. d4 d5 2. c4 e6 3. Nc3 Nf6 4. cxd5 exd5 5. Bg5 Be7 6. e3 c6 7. Qc2 O-O 8. Nf3
Bg4 9. Bd3 Nbd7 10. Bf4 $146 (10. Ne5 h6 11. Bxf6 Nxf6 12. f3 Be6 13. O-O Nd7
14. f4 Nxe5 15. dxe5 f5 16. Kh1 Qd7 17. g4 h5 18. gxf5 Bxf5 19. Ne2 Bg4 20. f5
Rae8 21. e6 Qd6 22. Ng3 Qe5 23. Rae1 Bb4 24. Rc1 Qxe3 {Mubarak,W-Perez,A/
Caracas 1976/EXT 2000/1-0 (35)}) 10... Re8 11. h4 Bxf3 12. gxf3 Nf8 13. O-O-O
a5 14. Kb1 Nh5 {Début reconstitué d'après la position du 15ème coup.} 15. Bg5
f6 16. Rdg1 $3 fxg5 17. Bxh7+ $3 Nxh7 18. hxg5 {[%csl Rh5,Rh7]} Qd6 $8 19. Rxh5
g6 20. Rh6 {[%csl Rg6]} Kg7 21. f4 Qe6 22. Rgh1 $40 Rh8 23. f3 $2 (23. e4 $1
dxe4 24. Nxe4 Qf5 {[%cal Gf5b1]} (24... Rae8 25. d5 $3 cxd5 26. Qc3+) 25. f3 $1
Qxf4 26. d5 $3 {[%csl Rg7] Le K noir est très exposé} Nxg5 27. Qc3+ Bf6 28.
Nxf6 Qxf6 29. Qxf6+ Kxf6 30. Rxh8 Rxh8 31. Rxh8 cxd5 32. Kc2 {[%cal Gc2d3]
Avec une finale très favorable aux blancs}) 23... Qf5 $1 24. Qxf5 gxf5 {
[%csl Gg5]} 25. Ne2 Bxg5 $1 26. fxg5 Nxg5 27. Rxh8 Rxh8 28. Rxh8 (28. Rg1 Kf6)
28... Kxh8 {Avec gain des noirs en finale.} 29. Ng3 f4 30. exf4 Nxf3 31. Ne2
Kg7 32. Kc2 Kf6 33. Kd3 Kf5 34. Ke3 Nh4 35. a3 Kg4 36. b4 Ng2+ 37. Kd2 Nxf4 38.
Nc3 axb4 39. axb4 b5 40. Ke3 Ng2+ 41. Kf2 Nh4 42. Ke3 Kf5 43. Nb1 Ng2+ 44. Kd3
Kf4 45. Nd2 Ne1+ 46. Kc3 Nf3 47. Nf1 Ng5 48. Kd3 Ne4 49. Ne3 Nf2+ 50. Ke2 Ng4
51. Nc2 Ke4 52. Kd2 Nh2 53. Kc3 Nf3 54. Na3 Nxd4 55. Nb1 Nf3 56. Kc2 d4 57. Kd1
0-1

[Event "Olympiad-33"]
[Site "Elista"]
[Date "1998.10.11"]
[Round "12.2"]
[White "Sadler, Matthew D"]
[Black "Lputian, Smbat G"]
[Result "0-1"]
[WhiteElo "2660"]
[BlackElo "2615"]
[Annotator "Psakhis,L"]
[PlyCount "94"]
[EventDate "1998.09.29"]
[EventType "team-swiss"]
[EventRounds "13"]
[EventCountry "RUS"]
[SourceTitle "CBM 068"]
[Source "ChessBase"]
[SourceDate "1999.02.01"]
[SourceVersion "1"]
[SourceVersionDate "1999.02.01"]
[SourceQuality "1"]
[WhiteTeam "England"]
[BlackTeam "Armenia"]
[WhiteTeamCountry "ENG"]
[BlackTeamCountry "ARM"]

1. d4 e6 2. c4 d5 3. Nc3 Be7 4. cxd5 exd5 5. Bf4 c6 6. e3 Nf6 7. Bd3 Nbd7 8. h3
O-O 9. Nf3 Re8 10. Qc2 Nf8 11. O-O Ng6 12. Bh2 Bd6 13. Bxd6 Qxd6 14. Rab1 Qe7 (
14... Bd7 15. b4 Rac8 16. Rfc1 Qe7 17. b5 c5 18. Qa4 a6 19. dxc5 Rxc5 20. Qd4
$14 {1-0 Ivanchuk,V-Vaganian,R/Moscow olm 1994 (41)}) 15. b4 (15. Bf5 $143 $6
Bxf5 16. Qxf5 Ne4 17. Rfd1 Rad8 18. Nd2 Nd6 19. Qh5 f5 20. Nf3 Qf6 21. Qg5 Qf7
22. Qh5 h6 23. Nh4 Re6 $15 {0-1 Toth,B-Vaganian,R/BL 1998 (52)}) 15... Ne4 16.
b5 Ng5 {White keeps some advantage and after} (16... Nh4 17. Bxe4 dxe4 18. Nxh4
Qxh4 19. f3 $1 exf3 20. Rxf3 Be6 21. bxc6 bxc6 22. e4 $14 {1-0 Khuzman,
A-Kromhout,E/Yerevan olm 1996 (37)}) 17. Nxg5 {N/ Similiar plan was used and
in the game  Dautov-Vaganian, Frankfurt rapid 1997-} (17. Qe2 Qf6 18. Nxg5 Qxg5
19. bxc6 bxc6 20. f4 Qe7 21. Rbe1 Nf8 22. f5 Nd7 23. Qf2 Qa3 $1 24. Qc2 Ba6 25.
Bxa6 Qxa6 26. e4 Qc4 $11) 17... Qxg5 18. bxc6 bxc6 19. f4 $1 Qf6 $6 ({Maybe
stronger} 19... Qe7 {with the dream to bring later knight to the f6}) 20. f5
Nf8 21. Qf2 Rd8 22. Qg3 {[%cal Gb1b8,Gg2g4] The advantage of Sadler is obvious
now. He controles the b-line, in a good moment White can push pawns on the
king's side, and what is really important, black can't organize any
counterplay.} h6 23. Kh2 Nh7 24. Na4 Qe7 25. Nc5 Nf6 26. Rfe1 {[%cal Ge3e4]}
Qf8 27. Rec1 {White don't need to be in hurry.} Re8 28. Kg1 Qe7 29. Re1 Qd8 30.
Re2 Re7 31. Reb2 Re8 32. Re2 Re7 33. Reb2 Re8 {Draw?} 34. Qf4 {No!} Qe7 35. Re1
{[%cal Ge3e4]} Nd7 36. Nxd7 Bxd7 37. Rb7 Red8 38. Reb1 ({Deserves attention} 
38. e4 Qa3 (38... dxe4 39. Rxe4 Qf6 40. Bc4) 39. Bb1 {but Sadler don't want to
change the pawn structure before time control.}) 38... a5 39. R1b6 a4 40. Bc2 (
{Looks very strong} 40. Rxc6 $5 Qa3 41. Rd6 $1 Qxd3 42. Rdxd7 Rxd7 43. Rxd7
Qb1+ 44. Kh2 Qxa2 45. f6 {and it is very difficult ( if possible ) to find
defence for black.}) 40... Qa3 41. Bb1 Rac8 (41... c5 $5) 42. f6 g5 43. Qg3 $2
{[%mdl 8192] White had rather easy way to victory-} (43. Qf2 c5 44. Kh2 $1 (44.
Qc2 Qxe3+ 45. Kh1 Qe1+ 46. Kh2 Qe4) 44... cxd4 $140 45. Rxd7 $1 Rxd7 46. Qf5
$18) 43... c5 44. dxc5 $6 (44. Kh2 $5 cxd4 45. exd4) 44... Qxc5 45. h4 $4 {
The situation on the board changed so quickly, that Sadler start panic in
moment when he still hadn't any reasons for it - after} (45. Qe5 $1 Re8 46. Qd4
{chances are more or less equal.}) 45... Re8 $1 $19 46. Kh2 $2 (46. Kf2 $142 d4
47. e4 {but white position is bad any case.}) 46... Rxe3 47. Qd6 Rh3+ $1 (47...
Rh3+ 48. gxh3 Qf2+ 49. Kh1 Rc1#) 0-1

[Event "Tilburg Fontys"]
[Site "Tilburg"]
[Date "1998.11.03"]
[Round "10"]
[White "Kramnik, Vladimir"]
[Black "Zvjaginsev, Vadim"]
[Result "1-0"]
[WhiteElo "2780"]
[BlackElo "2650"]
[Annotator "Psakhis,L"]
[PlyCount "81"]
[EventDate "1998.10.23"]
[EventType "tourn"]
[EventRounds "11"]
[EventCountry "NED"]
[EventCategory "18"]
[SourceTitle "EXT 1999"]
[Source "ChessBase"]
[SourceDate "1998.11.16"]
[SourceVersion "1"]
[SourceVersionDate "1998.11.16"]
[SourceQuality "1"]

1. d4 d5 2. c4 e6 3. Nf3 Nf6 4. Nc3 Be7 5. Bg5 O-O 6. cxd5 exd5 ({Reasonable
alternative for could be} 6... Nxd5 {for example} 7. Bxe7 Qxe7 8. Rc1 Rd8 9. e3
Nf6 10. Qb3 b6 11. Be2 Bb7 12. O-O Nbd7 13. Rfd1 h6 14. a4 c5 15. a5 Nd5 16.
axb6 axb6 $11 {1/2-1/2 Cebalo,M-Andersson,U/Roma 1985 (28)}) 7. e3 c6 8. Bd3 (
8. Qc2 Nbd7 9. Bd3) 8... Bg4 $5 (8... Ne4 $5) 9. Qc2 h6 ({After} 9... Nbd7 {
White can play} 10. Bxf6 $5 Nxf6 11. Ne5 Be6 12. f4 c5 13. O-O $14 {with nice
position mostly behalf strong position of knight on e5.}) (9... Bxf3 10. gxf3
Nbd7 11. Rg1 Re8 12. O-O-O b5 13. Kb1 a5 14. Bh6 Bf8 15. e4 $36 {1-0 Engel,
G-Luder,F/Graz op-B 1995 (37)}) 10. Bf4 ({Deserves attention} 10. h3 $5 {
with possible continuation} Bxf3 11. Bxf6 Bxg2 12. Bh7+ Kh8 13. Bxg7+ Kxg7 14.
Rg1 Kh8 15. Rxg2 Nd7 16. O-O-O $14) 10... Nbd7 11. Ne5 (11. h3 Bxf3 12. gxf3 c5
$13) 11... Nxe5 12. Bxe5 Nd7 (12... Be6 $5 13. O-O Ng4 $1 14. Bf4 Bd6 $13) 13.
Bg3 c5 {N/ New and risky move, but after standart moves like} (13... Re8 14.
O-O Bh4 15. b4 Bxg3 16. hxg3 Nf6 17. b5 Qd6 18. bxc6 bxc6 19. Na4 $14 {1-0
Sotnikov,I-Malikov,S/Voronezh op 1997 (37)}) ({or} 13... Rc8 14. O-O Nf6 15.
Rab1 Re8 16. b4 Bd6 17. Rfc1 Qe7 18. Bxd6 Qxd6 19. a4 b6 20. Bf5 Bxf5 21. Qxf5
$14 {1-0 Thorsteins,K-Fulton,T/Dubai olm 1986 (40) White keeps maybe not big
but stable advantage.}) 14. O-O ({It was interesting to play} 14. Nxd5 $5 {
and I am not sure, that after, for example} cxd4 15. Bc7 Qe8 16. Qc4 $5 (16.
exd4) 16... Nc5 17. Qxd4 Be6 18. Bc2 {Black has compensation for the pawn.})
14... cxd4 (14... Be6 15. Rad1) 15. exd4 Nb6 $14 {[%csl Rb6,Gd3,Gg3]} 16. Qb3 {
Kramnik could get small advantage after} (16. Rfe1 Bd6 $1 (16... Bb4 17. a3
Bxc3 18. Qxc3 Qd7 19. Qb4 $1 $16) 17. Bxd6 Qxd6 18. h3 Be6 19. Nb5 $14 {
but he pretends for more.}) 16... a5 {Double-edged move.Zviaginsev trys to
push out white queen from strong position on b3, but black with this move
strongly weaken queen,s flank.} 17. h3 (17. a4 $6 Bb4 18. Rae1 Bd7 $1 $132)
17... a4 (17... Be6 $6 {gives to White important temp-} 18. Rae1 a4 19. Qd1 {
/\Bd3-c2, Qd1-d3 and strong attack.}) 18. Qc2 (18. Nxa4 $6 Rxa4 19. hxg4 Rxd4
20. Rac1 Bd6 $15) 18... Bd7 19. a3 Bc6 $6 (19... Bf6 $142 $5 20. Be5 Bxe5 21.
dxe5 d4 $5 22. Ne4 Re8) 20. Rae1 Bd6 21. Qd2 $1 {White don,t affraid doubled
pawns,} Qc7 ({because after} 21... Bxg3 22. fxg3 Nd7 23. Rf4 $5 Nf6 24. Ref1 {
there advantage is obvious.}) 22. Bxd6 Qxd6 23. Re3 Rae8 (23... Nc4 $2 24. Bxc4
dxc4 25. d5) (23... Rfe8 24. Rfe1 Rxe3 25. Qxe3 $1 Kf8 26. Nb5 $5 $16) 24. Rfe1
Qb8 (24... Rxe3 $142 25. Qxe3 Qb8 $14) 25. Nd1 $1 {[%csl Ra4,Rb6,Rd5][%cal
Gd2b4,Gd1e3][%mdl 32] Brilliant move!} g6 (25... Rxe3 26. Nxe3 {/\Ne3-f5}) (
25... Qd6 $142 $5) 26. Qb4 {With strong and consistent game Kramnik got big 
advantage} Nd7 (26... Rxe3 27. Nxe3 Qd8 28. Ng4 $1) 27. Bb5 {Harvest time} Rxe3
28. Nxe3 Nf6 (28... Qa7 29. Nxd5 $18) (28... Nb6 29. Ng4 Kg7 30. Bxc6 bxc6 31.
Ne5 $16) 29. Bxa4 Bxa4 30. Qxa4 Re8 31. Qd1 Re4 32. Ng4 (32. Nc2 $5) 32... Nxg4
33. hxg4 Rf4 34. g3 Rf6 35. Qb3 (35. Re5 $142 Rd6 36. Qe2 Kg7 37. Re8 Rd8 38.
Re7 $18) 35... Qd8 (35... Qc8 $1 36. Qxd5 $140 $2 Qc2 $1 $132) 36. Qxb7 Rb6 37.
Re8+ Qxe8 38. Qxb6 Qe1+ 39. Kg2 Qe4+ 40. Kh2 Kg7 (40... Qxg4 41. Qd8+ Kg7 42.
Qxd5 $18) 41. Qc7 (41. Qc7 Qxd4 (41... Qf3 42. Qf4) 42. Qc3) 1-0

[Event "ESP-chT CECLUB Honor"]
[Site "Melilla"]
[Date "2011.11.25"]
[Round "6"]
[White "Kasimdzhanov, Rustam"]
[Black "Ubilava, Elizbar"]
[Result "1-0"]
[WhiteElo "2675"]
[BlackElo "2527"]
[Annotator "RR"]
[PlyCount "134"]
[EventDate "2011.11.21"]
[EventType "team-tourn"]
[EventRounds "7"]
[EventCountry "ESP"]
[SourceTitle "CBM 146"]
[Source "ChessBase"]
[SourceDate "2012.01.18"]
[SourceVersion "1"]
[SourceVersionDate "2012.01.18"]
[SourceQuality "1"]
[WhiteTeam "Taldea Gros Xake"]
[BlackTeam "Solvay"]
[WhiteTeamCountry "ESP"]
[BlackTeamCountry "ESP"]

1. d4 d5 2. c4 e6 3. Nc3 Be7 4. cxd5 exd5 5. Bf4 Nf6 6. e3 Bf5 7. Nge2 O-O 8.
Rc1 Be6 9. a3 a6 10. Ng3 Nbd7 11. Bd3 c5 12. O-O g6 13. dxc5 Nxc5 14. Bc2 Rc8
15. h3 b5 16. Be5 Nfd7 17. Bd4 Nb6 18. Nce2 Nc4 19. Nf4 Bf6 20. Rb1 $6 (20. b3
Ne5 21. Bxg6 $16) 20... Qe7 21. Re1 Rfd8 22. Nge2 Ne4 23. Bxf6 Qxf6 24. Nd4
Ned2 25. Rc1 Ne4 26. Bxe4 dxe4 27. b3 Ne5 28. Ndxe6 Rxc1 29. Qxc1 fxe6 30. Qc7
Nd3 31. Rf1 Rf8 32. Qc6 e5 33. Qxf6 Rxf6 34. Nd5 Rd6 35. Nc3 Nc5 36. b4 Rd3 37.
Nxb5 axb5 38. bxc5 Rc3 39. Rd1 Rxc5 40. Rd8+ Kg7 41. Rd7+ Kh6 42. g4 g5 43. Kg2
Kg6 44. Ra7 Rc3 45. Ra6+ Kf7 46. Ra5 Kf6 47. Rxb5 Rxa3 48. Rb6+ Kg7 49. Rb5 Kf6
50. Rb6+ Kg7 51. Rb4 Ra5 52. Rxe4 Kg6 53. Rc4 Ra6 54. Rc8 Re6 55. Rg8+ Kf6 56.
Rf8+ Kg6 57. Rg8+ Kf6 58. Kg3 h6 59. h4 Kf7 60. Ra8 Kg7 61. Ra7+ Kg8 62. hxg5
hxg5 63. Kf3 e4+ 64. Ke2 Re5 65. Kd2 Rd5+ 66. Kc3 Rd3+ 67. Kc2 Kf8 1-0

[Event "Cappelle op 31st"]
[Site "Cappelle la Grande"]
[Date "2015.03.05"]
[Round "7"]
[White "Vazquez Igarza, Renier"]
[Black "Malakhatko, Vadim"]
[Result "1-0"]
[WhiteElo "2592"]
[BlackElo "2522"]
[Annotator "RR"]
[PlyCount "77"]
[EventDate "2015.02.28"]
[EventType "swiss"]
[EventRounds "9"]
[EventCountry "FRA"]
[SourceTitle "EXT 2016"]
[Source "ChessBase"]
[SourceDate "2015.10.08"]
[SourceVersion "1"]
[SourceVersionDate "2015.10.08"]
[SourceQuality "1"]

1. d4 d5 2. c4 c6 3. Nf3 Nf6 4. Nc3 e6 5. Bg5 Nbd7 6. cxd5 exd5 7. e3 Be7 8.
Bd3 Nh5 (8... O-O {La grande ligne} 9. Qc2 Re8 10. O-O Nf8 11. Rab1 {[%cal
Gb2b4,Gb4b5]}) 9. Bxe7 Qxe7 10. O-O O-O 11. Rb1 {La classique attaque de
minorité} (11. Qb1 Nhf6 12. b4 a6 13. a4 Re8 14. Nd2 Qd6 15. Re1 Nf8 16. b5
axb5 17. axb5 Rxa1 18. Qxa1 Ne6 19. Nf3 c5 20. dxc5 Nxc5 21. Bf1 Bg4 22. Nd4
Ne6 23. h3 Nxd4 24. exd4 Rxe1 25. Qxe1 Be6 26. Qa1 Qd8 27. Qa7 b6 28. Na4 Nd7
29. Qb7 h5 30. Be2 h4 31. Qc6 Qb8 32. Bg4 Bxg4 33. hxg4 Qa7 34. Nc3 Nf6 35.
Qc8+ Kh7 36. g5 Ne4 37. Nxe4 dxe4 38. Qf5+ Kg8 39. Qxe4 Qd7 40. Qe5 h3 {
Cheparinov,I (2672)-Vitiugov,N (2737) Caleta 2014 1-0}) (11. Qc2 g6 12. Rab1)
11... a5 (11... g6 $5 {[%cal Gf8e8,Gd7f8,Gc8f5,Gh5g7]}) 12. a3 g6 13. b4 axb4
14. axb4 Nb6 15. h3 $146 (15. Nd2 Ng7 16. b5 c5 17. dxc5 Qxc5 18. Rc1 Qe7 19.
Nb3 Rd8 20. Be2 Nf5 21. Bg4 Qg5 22. Bxf5 Bxf5 23. Nd4 Bg4 24. Qc2 Rac8 25. Kh1
Nc4 26. h3 Qh5 27. Kg1 Bxh3 28. gxh3 Qxh3 29. Qe2 Re8 30. Qf3 Qh4 31. Qh1 Qg5+
32. Qg2 Qh4 33. Nxd5 Nd2 34. Rxc8 Rxc8 35. Nf5 {1-0 (35) Vocaturo,D (2587)
-Hoffman,A (2456) Barcelona 2014}) 15... Ng7 16. b5 c5 17. dxc5 Qxc5 18. Rc1
Qb4 19. Nd4 Ne6 20. Nce2 Nxd4 21. Nxd4 Bd7 22. Qf3 Qd6 23. Qe2 Rfc8 $132 {
les pièces mieures Blanches sont un peu plus actives que celle des Noirs mais
la position Noire est très solide.} 24. Rfd1 Qa3 25. Rb1 Na4 26. Rb3 Qd6 27.
Qd2 Nc5 28. Rc3 b6 {Consolide le Nc5 mais au détriment d'un affaiblissement
de la case "c6"} 29. Rdc1 Rc7 (29... Ra5 $143 30. Rxc5 $1 Rxc5 31. Rxc5 Qxc5
32. Nb3) (29... Ra7 {[%cal Gc8a8]}) 30. Qd1 Rca7 31. Be2 Ra2 32. Bf3 Ne4 33.
R3c2 Qf6 (33... Rxc2 34. Qxc2 Rc8 35. Nc6) 34. Rxa2 Rxa2 35. Qb3 Rd2 $6 36.
Qxd5 Nc5 37. Rd1 Rb2 $2 38. Qa8+ Kg7 39. Qa3 1-0